Megújult női ambulanciák
Elmentve itt :
| Dokumentumtípus: | Cikk |
|---|---|
| Megjelent: |
2001-05-05
|
| Sorozat: | Délmagyarország
91 No. 104 |
| Kulcsszavak: | Szülészeti- és Nőgyógyászati Klinika |
| Online Access: | http://dmarchiv.bibl.u-szeged.hu/123949 |
| LEADER | 00426nab a2200145 i 4500 | ||
|---|---|---|---|
| 001 | delm123949 | ||
| 005 | 20191031141736.0 | ||
| 008 | 191031s2001 hu o 0|| hun d | ||
| 040 | |a SZTE Délmagyarország Archívum |b hun | ||
| 041 | |a hun | ||
| 245 | 0 | 0 | |a Megújult női ambulanciák |h [elektronikus dokumentum] |
| 260 | |c 2001-05-05 | ||
| 300 | |a 5 | ||
| 490 | 0 | |a Délmagyarország |v 91 No. 104 | |
| 695 | |a Szülészeti- és Nőgyógyászati Klinika | ||